Kto napisał tę książkę? #5 - Statystyki

Ogólne statystyki
  • Ten quiz został rozwiązany 56 razy
  • Średni wynik to 6 z 12
Statystyki odpowiedzi
Tytuł książki Autor % Poprawnych
Opowieść wigilijna Charles Dickens
89%
Mały Książę Antoine de Saint-Exupéry
79%
Solaris Stanisław Lem
74%
Morderstwo w Orient Expressie Agata Christie
72%
Bieguni Olga Tokarczuk
70%
Idiota Fiodor Dostojewski
68%
Pieśń lodu i ognia George R.R. Martin
51%
Nowy wspaniały świat Aldous Huxley
38%
Cień wiatru Carlos Ruiz Zafón
36%
Wołanie do Yeti Wisława Szymborska
25%
Dygot Jakub Małecki
23%
Wojna nie ma w sobie nic z kobiety Swiatłana Aleksijewicz
9%
Nie znaleziono quizów pasujących do podanych kryteriów
Rozkład punktacji
Procent ludzi z każdym wynikiem
Percentyl według liczby udzielonych odpowiedzi
Twoja historia wyników
Nie rozwiązałeś tego quizu